00698nam a2200241 a 4500001001300000003000900013005001700022008004100039020001200080082001600092100001500108245003700123260004500160300000900205500003500214505001700249650003700266650001400303902000800317942000700325952010900332999001500441nice12345678IN_TiNIC20260116012748.0050524s1980 glaa grp 000 0 eng  ac118.500a261.2bHIC1 aHick, John aChristianity and Other Religions aGlasgowbCollins Fount Papers Bookc1980 a253p aincludes index and biblioraphy2 aBibliography aChristianity and Other Religions aPluralism bSRS cBK 00104070aHMIbHMId2010-12-01g118.50l4o261.2 HIC1p010270r2023-04-27s2023-04-03w2026-01-16yEB c8276d8276